000 00402nam a2200145Ia 4500
008 090124s9999 xx 000 0 und d
082 _b400332
245 _a चलाख चोर
250 _a1
260 _bफाटक बा. वा. (बाळकृष्ण वामन)
_c1964
300 _a24
630 _a चलाख चोर
730 _a चलाख चोर
942 _cBOOK
999 _c196253
_d196253